| 000 | 00597nam a22002057a 4500 | ||
|---|---|---|---|
| 003 | OSt | ||
| 005 | 20210313054612.0 | ||
| 008 | 210313s1887 ||||| |||| 00| 0 eng d | ||
| 040 |
_aeng _beng _cDLC |
||
| 041 | _aeng | ||
| 080 |
_a32 _bS-68 |
||
| 100 |
_91424 _aSmith, Adam |
||
| 245 |
_aAn Inquiry into the Nature and Causes of the Wealth of Nations / In two Volumes _b: Volume II _c/ by: George Bell and Sons |
||
| 250 | _a6th edition | ||
| 260 |
_aLondon _bGeorge Bell and Sons _c1887 |
||
| 300 | _a577 p. | ||
| 650 | 0 |
_9443 _aPolitics |
|
| 653 | _aპოლიტიკა | ||
| 942 |
_2udc _cBK _e6 |
||
| 999 |
_c2230 _d2230 |
||